Sanat - "Milla Magia" - Faija - Statistics

Yleistilastot
  • Tätä visaa on pelattu 29 kertaa
  • Keskiarvotulos 102 / 199
Vastaustilastot
Vastaus % Oikein
93%
Magia
73%
Milla
73%
sen
73%
sun
73%
Sun
73%
takia
73%
ei
67%
kun
67%
mikään
67%
miltään
67%
nään
67%
sinun
67%
taikoja
67%
tunnu
67%
unia
67%
viel
67%
edelleen
60%
mua
60%
mulle
60%
näytit
60%
on
60%
vielä
60%
hanabisse
53%
illan
53%
Käyn
53%
Lohjan
53%
Monacossa
53%
ne
53%
oli
53%
siel
53%
silloin
53%
sinä
53%
tällöin
53%
tossa
53%
uudestaan
53%
vainoaa
53%
vieläkin
53%
yönä
53%
et
47%
halpa
47%
ja
47%
karaoke
47%
kerran
47%
kokisin
47%
makuuni
47%
Millan
47%
mitä
47%
paikka
47%
perjantaisin
47%
puolesta
47%
siis
47%
tapasin
47%
tavataan
47%
tehdä
47%
temput
47%
vaan
47%
voisin
47%
juonut
40%
katsoi
40%
krapulassa
40%
me
40%
nousin
40%
pakustasi
40%
sanoit
40%
chessun
33%
huurustuivat
33%
ihmismassat
33%
Ikkunat
33%
jatkoille
33%
kummaksuivat
33%
kysyi
33%
lähtisitkö
33%
maistui
33%
olin
33%
pakuuni
33%
silmin
33%
taas
33%
velhomaisin
33%
vihreeltä
33%
aloit
27%
Gambinalta
27%
huulet
27%
hymyilit
27%
jokaisen
27%
kysyin
27%
lantin
27%
loihtimaan
27%
numeroa
27%
ohikävelevät
27%
muhun
20%
puseroa
20%
soi
20%
täysi
20%
temppujasi
20%
valta
20%
variantin
20%
veit
20%
huutoa
13%
jonkun
13%
mun
13%
napitin
13%
sain
13%
sulla
13%
sulta
13%
touch
13%
kelpaisinkohan
7%
mietin
7%
sulle
7%
Ehtoja vastaavia visoja ei löytynyt
Tulosjakauma
Jokaisen tuloksen saaneiden osuus
Persentiili vastausten määrän mukaan
Tuloshistoriasi
Et ole pelannut tätä visaa